| 000 | 00000nam##2200000za#4500 |
| 001 | 9.614166 |
| 003 | CaOODSP |
| 005 | 20200327132737 |
| 007 | ta |
| 008 | 150406|1997||||xxc||||| f|0| 0 eng|d |
| 022 | |a0706-6457 |
| 040 | |aCaOODSP|beng |
| 043 | |an-cn--- |
| 086 | 1 |aFs97-6/2155E |
| 110 | 1 |aCanada. |bDepartment of Fisheries and Oceans. |
| 245 | 10|aInternational co-operative programme on assessment and monitoring of acidification of rovers and lakes: 8th task force meeting, 1992 / |cEdited by D. Smith and I. Davies. |
| 260 | |aOttawa - Ontario : |bFisheries and Oceans Canada |c1997. |
| 300 | |avi, 68p. : |bfigs., graphs, references, tables ; |c28 cm. |
| 490 | 1 |aCanadian technical report of fisheries and aquatic sciences|x0706-6457|v2155 |
| 500 | |a"The main focus of the meeting was to establish an international exchange of information on assessment, monitoring, and status of acidification of rivers and lakes. Task force meetings emphasise an informal exchange of ideas and knowledge among participants in the programme."--Abstract. Prepared at Central and Arctic Region, Department of Fisheries and Oceans, Winnipeg, Manitoba, R3T 2N6. |
| 520 | 3 |aThe main focus of the meeting was to establish an international exchange of information on assessment, monitoring, and status of acidification of rivers and lakes. Task force meetings emphasise an informal exchange of ideas and knowledge among participants in the programme.--Abstract |
| 546 | |aRésumé en français |
| 563 | |aSoftcover |
| 590 | |a97-46|b1997-11-14 |
| 720 | 1 |aSmith, D. T. |
| 720 | 1 |aDavies, I. |
| 776 | 0#|tInternational co-operative programme on assessment and monitoring of acidification of rivers and lakes : |w(CaOODSP)9.574133 |
| 830 | #0|aCanadian technical report of fisheries and aquatic sciences,|x0706-6457|v2155|w(CaOODSP)9.514691 |